| 000 | 00444nam a2200181Ia 4500 | ||
|---|---|---|---|
| 001 | 25188 | ||
| 005 | 20260414151133.0 | ||
| 008 | 260414t2005||||xx |||||||||||||| ||spa|| | ||
| 041 | _aESP | ||
| 082 |
_a346.35 _bC73 |
||
| 100 |
_aPerú. Ministerio de Justicia _eAUT |
||
| 245 | 0 |
_aCódigo de los niños y adolescentes _b |
|
| 260 | _c2005 | ||
| 300 |
_a136 páginas : _ccm. |
||
| 650 | _aDER | ||
| 654 | _aCDE | ||
| 942 |
_cLIB _dJUS _fJUS _2ddc _n |
||
| 999 |
_c25188 _d25188 |
||